000 00937nam a2200217Ii 4500
003 JO-AjNU
008 230605s9999||||xx |||||||||||||| ||und||
017 _a2009/4/2181
040 _aJO-AjNU
_bara
_erda
_cJO-AjNU
041 _aara
050 1 4 _aHF 5549 .5 .M3 .A99 2010
100 3 _aالعزاوي،نجم عبدالله/م.مشارك: عباس حسين جواد,
_eauthor
_931638
245 0 0 _aالوظائف الإستراتيجية في إدارة الموارد البشرية = Strategic function of human resource management
250 _aط العربية
264 3 1 _aعمان: دار اليازوري العلمية للنشر والتوزيع،2010
300 _a543ص
_bيحتوي على ببلوغرافية من ص535-543ص
336 _atext
_btxt
_2rdacontent
337 _aunmediated
_bn
_2rdamedia
338 _avolume
_bnc
_2rdacarrier
650 4 _aادارة الافراد-القوى العاملة
_931639
999 _aA12676
_c16244
_d16244